| 000 | 00795nas a2200253 4500 | ||
|---|---|---|---|
| 001 | BR9501587 | ||
| 003 | BR-BrBNA | ||
| 005 | 20231205093925.0 | ||
| 007 | ta | ||
| 008 | 230509b bl.|||p| |||| 00| 00por d | ||
| 040 |
_aBR-BrBNA _bpor _cBiblioteca Nacional de Agricultura |
||
| 041 | _a(Pt) | ||
| 072 | _aM12 | ||
| 100 | 1 | _aMelo, S.G. | |
| 100 | 1 | _aRoverso, E.A. | |
| 100 | 1 | _aLobao, V.L. | |
| 245 | 1 | _aDesenvolvimento ponderal do escargot Helix aspersa Muller (Gastropoda, Stylommatophora)com o emprego de diferentes fontes de calcio | |
| 650 | _aEscargot | ||
| 650 | _aNutricao | ||
| 650 | _aConfinamento | ||
| 773 | 0 |
_tBoletim do Instituto de Pesca (Brazil) _xISSN 0046-9939 _g(1991), v. 18 p. 31-40 _wBR9501587 |
|
| 909 |
_a202311 _bLúcia _c55 _dLúcia Elande |
||
| 942 |
_2AGRIS _n0 _cANA |
||
| 999 |
_c141122 _d141122 |
||